| 000 | 00342nam a22001457a 4500 | ||
|---|---|---|---|
| 008 | 221108b ||||| |||| 00| 0 eng d | ||
| 020 | _a2740341564899 | ||
| 041 | _aeng | ||
| 080 |
_2SEVENTH EDITION _a616.073 |
||
| 082 | _a616.073 SHE | ||
| 100 | _a12 | ||
| 101 | _aRADIO | ||
| 245 |
_aRADIATION PROTECTION _cSHERER M.A |
||
| 942 |
_2udc _cBK |
||
| 999 |
_c58799 _d58799 |
||